000 00823cam a2200253 a 4500
001 000018170
005 20260513160823.0
008 811208s1943 ag 001 f spa d
040 _aDO-SdBNP
_bspa
_cMNN
_dEQO
_dBNPHU
082 _a863.5
_bB264z, 1943
100 1 _aBaroja, Pío,
_d1872-1956.
_qPío Baroja y Nessi
_939381
245 1 0 _aZalacaín el aventurero /
_cPío Baroja.
250 _a2a ed.
260 _aBuenos Aires, (Argentina) :
_bEditorial Losada,
_c1943.
300 _a169, [6] p. ;
_c18 cm.
490 1 _aBiblioteca contemporánea
_v41
500 _aIncluye índice
650 4 _aNovela española
_91123
650 4 _aLiteratura española
_9632
650 0 _aHistorias de aventuras
_922460
830 0 _aBiblioteca contemporánea ;
_v41
_914729
910 _aCatalogación derivada / LC
049 _aBNGR
999 _c17691
_d17691